| 000 | 00427nam a2200157 a 4500 | ||
|---|---|---|---|
| 005 | 20140412111421.0 | ||
| 008 | 080121s19uu xx 00 eng d | ||
| 020 | _a81-7301-601-1 | ||
| 050 |
_aTR(GS E _bPl71 2006 |
||
| 100 | _aPrakash, Ved | ||
| 245 |
_aPlease! v.2 / _cVed Prakash. |
||
| 260 |
_aIndia : _bDreamland Publications. |
||
| 300 | _a24p. | ||
| 440 | _aCharacter- building stories for children | ||
| 999 |
_c106040 _d106040 |
||